Orientación y tutoría en el marco de la acción educativa
Gespeichert in:
| 1. Verfasser: | |
|---|---|
| Format: | Buch |
| Sprache: | Spanisch |
| Veröffentlicht: |
Granada
Grupo Editorial Universitario
2008
|
| Schlagworte: | |
| Tags: |
Tag hinzufügen
Keine Tags, Fügen Sie den ersten Tag hinzu!
|
MARC
| LEADER | 00000nam a2200000 a 4500 | ||
|---|---|---|---|
| 001 | UCH9634 | ||
| 003 | CL-VaPUC | ||
| 008 | 100114e20080000SP |||||||||||||||||spa|d | ||
| 020 | |a 9788484919247 | ||
| 082 | 0 | 4 | |a 371.42 |b LAR |2 21 |
| 100 | |a Lara Ramos, Antonio |e author |9 546827 | ||
| 245 | 1 | 0 | |a Orientación y tutoría en el marco de la acción educativa |
| 300 | |a 290262 p | ||
| 942 | |c BK | ||
| 945 | |d 20100114 00:00:00 |a dcastane | ||
| 260 | |a Granada |b Grupo Editorial Universitario |c 2008 | ||
| 650 | 7 | |a ORIENTACION Y TUTORIA |2 CL-VaPUC |9 546826 | |
| 650 | 0 | |a Orientación vocacional |9 255692 | |
| 650 | 7 | |a ORIENTACION EDUCACIONAL |2 CL-VaPUC |9 312512 | |
| 651 | 0 | |a España |9 254926 | |
| 583 | |a last modification |c 20100114 00:00:00 |k Rodrigo Vera | ||
| 999 | |c 339555 |d 339553 | ||
| 952 | |0 0 |1 0 |4 0 |6 371_420000000000000_LAR_2008 |7 0 |8 A |9 433264 |a BIBEDU |b BIBEDU |d 2019-11-22 |i 4633857 |o 371.42 LAR 2008 |p 4633857 |r 2019-11-22 |w 2019-11-22 |y BK |k EPE | ||